Kaiser Wilhelm II. Multiple Choice Quiz - Statistiken

Allgemein
  • Dieses Quiz wurde 32 mal gespielt
  • Das Durchschnittsergebnis liegt bei 10 aus 13
Antwortstatistiken
Frage Antwort % Korrekt
Wann bestieg Kaiser Wilhelm II. den Thron? 1888
100%
Was war Kaiser Wilhelm II. vor allem bekannt für? Seine militärische Aufrüstungspolitik
100%
In welchem Jahr dankte Kaiser Wilhelm II. ab? 1918
95%
Wie lange regierte Kaiser Wilhelm II.? 30 Jahre
90%
Was war ein Hauptgrund für die Spannungen zwischen Deutschland und anderen europäischen Ländern während seiner Regentschaft? Die aggressive Außenpolitik und Flottenaufrüstung
90%
Wohin ging Kaiser Wilhelm II. nach seiner Abdankung ins Exil? Niederlande
86%
Welchen Beinamen trägt das Jahr, in dem Wilhelm II. Kaiser wurde? Das Drei-Kaiser-Jahr
81%
In welchem Jahr starb Kaiser Wilhelm II.? 1941
76%
Wie hieß die Mutter von Kaiser Wilhelm II.? Victoria von Großbritannien und Irland
76%
Welches Verhältnis hatte Kaiser Wilhelm II. zu Königin Victoria von Großbritannien? Enkel
67%
In welchem Schloss wurde Kaiser Wilhelm II. geboren? Kronprinzenpalais in Berlin
57%
Wann wurde Kaiser Wilhelm II. geboren? 1859
52%
Welches Ereignis führte zur Abdankung von Kaiser Wilhelm II.? Die Novemberrevolution
52%
Keine übereinstimmenden Quizze gefunden
Verteilung der Resultate
Anzahl Personen mit jedem Resultat
Perzentil nach korrekt beantworteten Fragen
Ihre Resultats-Entwicklung
Sie haben dieses Quiz noch nicht gespielt